Metalografické analýzy a mechanické skúšky zvarových spojov plechov
Guardado en:
| Autor principal: | |
|---|---|
| Otros Autores: | |
| Formato: | Manuscrito Libro |
| Lenguaje: | eslovaco |
| Publicado: |
2020
|
| Materias: | |
| Acceso en línea: | http://is.stuba.sk/zp/portal_zp.pl?podrobnosti=143706 |
| Etiquetas: |
Sin Etiquetas, Sea el primero en etiquetar este registro!
|
MARC
| LEADER | 00000ntm a22000003a 4500 | ||
|---|---|---|---|
| 001 | stuzp73558 | ||
| 003 | SK-STU | ||
| 005 | 20200704210647.8 | ||
| 007 | ta | ||
| 008 | 150427s2015----xo-----f-mn---000-0-slo-d | ||
| 040 | |a STU |b slo | ||
| 041 | 0 | |a slo | |
| 100 | 1 | |a Stašiov, Michal |u 061000 |k Z4 |4 aut |U MTF Materiálovotechnologická fakulta |T MTF Ústav materiálov |X 42786 |U M1000 |Y 81 |7 42786 | |
| 242 | 0 | 1 | |a Metalographic analysis and mechanical tests welded joints of plates |y eng |
| 245 | 1 | 0 | |a Metalografické analýzy a mechanické skúšky zvarových spojov plechov |
| 260 | |c 2020 | ||
| 650 | 4 | |a materiály pre automobily |2 slo | |
| 650 | 4 | |a tepelno-mechanické spracovanie |2 slo | |
| 650 | 4 | |a zváranie laserom |2 slo | |
| 650 | 4 | |a Materials for automobiles |2 eng | |
| 650 | 4 | |a thermal-mechanical treatment |2 eng | |
| 650 | 4 | |a laser welding |2 eng | |
| 700 | 1 | |a Hazlinger, Marián |u 061000 |k Z1 |4 ths |U MTF Materiálovotechnologická fakulta |T MTF Ústav materiálov |X 289 |U M1000 |Y 81 |7 A000000289 | |
| 856 | 4 | |u http://is.stuba.sk/zp/portal_zp.pl?podrobnosti=143706 | |
| 996 | |c M* DP-14121 |l MMSKP |s P |a 0 |w stuzp73558_0001 | ||